Documentos de consulta / [por] Arquidiócesis de México

Shranjeno v:
Bibliografske podrobnosti
Autores corporativos: Sínodo de la Arquidiócesis de México : (II), Arquidiócesis de México
Format: Procedimiento de la conferencia Knjiga
Teme:
Oznake: Označite
Brez oznak, prvi označite!

MARC

LEADER 00000nam^a2200000^u^4500
001 000543703
005 20250521000000.0
008 060220s1000^^^^^^^^^^^^r^^^^^000^0^spa^d
009 20260310131312.256
035 |a FMI 000012690 
037 |a Acervo Xavier Clavigero 
096 |a 5.4.4/69/C 
111 |a Sínodo de la Arquidiócesis de México : (II) 
245 1 0 |a Documentos de consulta / [por] Arquidiócesis de México 
264 |a México : Ed. Comisión Organizadora del II Sínodo, 1992 
300 |a 77 p. 
336 |a texto  |b txt  |2 rdacontenido 
337 |a sin mediación  |b n  |2 rdamedio 
338 |a volumen  |b nc  |2 rdasoporte 
597 |a Fascículo III: Los Medios de la Nueva Evangelización 
649 |a XX 
650 |a DOCUMENTOS PONTIFICIOS Y EPISCOPALES 
710 |a Arquidiócesis de México 
910 |a Fondo Francisco Migoya Covarrubias S.J. 
920 |a Impresos - Libros 
930 |a Fondos Especiales 
905 |a 134 
901 |a SBC14971  |b IT2  |c ESP  |u 20250521 
902 |a https://opac.biblio.iteso.mx/vufind/Record/000543703